|
|
|
|
| LEADER |
04414nam a22004815i 4500 |
| 001 |
978-88-470-0440-5 |
| 003 |
DE-He213 |
| 005 |
20151204180918.0 |
| 007 |
cr nn 008mamaa |
| 008 |
100301s2006 it | s |||| 0|ita d |
| 020 |
|
|
|a 9788847004405
|9 978-88-470-0440-5
|
| 024 |
7 |
|
|a 10.1007/978-88-470-0440-5
|2 doi
|
| 040 |
|
|
|d GrThAP
|
| 050 |
|
4 |
|a RC254-282
|
| 072 |
|
7 |
|a MJCL
|2 bicssc
|
| 072 |
|
7 |
|a MED062000
|2 bisacsh
|
| 082 |
0 |
4 |
|a 616.994
|2 23
|
| 100 |
1 |
|
|a Caraceni, Augusto.
|e author.
|
| 245 |
1 |
0 |
|a Le complicazioni neurologiche in oncologia
|h [electronic resource] /
|c by Augusto Caraceni, Angelo Sghirlanzoni, Fabio Simonetti.
|
| 264 |
|
1 |
|a Milano :
|b Springer Milan,
|c 2006.
|
| 300 |
|
|
|a XIV, 206 pagg.
|b online resource.
|
| 336 |
|
|
|a text
|b txt
|2 rdacontent
|
| 337 |
|
|
|a computer
|b c
|2 rdamedia
|
| 338 |
|
|
|a online resource
|b cr
|2 rdacarrier
|
| 347 |
|
|
|a text file
|b PDF
|2 rda
|
| 505 |
0 |
|
|a La diffusione dei tumori al sistema nervoso e l’ipertensione endocranica -- La metastatizzazione al sistema nervoso e la barriera ematoencefalica -- L’ipertensione endocranica -- Complicazioni legate direttamente al cancro -- Metastasi cerebrali -- Metastasi meningee -- Metastasi spinali estrinseche ed intrinseche -- Lesioni della base cranica e dei nervi cranici -- Lesioni di radici, plessi e nervi periferici -- Condizioni patologiche legate indirettamente al cancro -- Complicazioni cerebrovascolari -- Complicazioni associate a stati carenziali o dismetabolici -- Infezioni -- Sindromi neurologiche paraneoplastiche -- Complicazioni della terapia -- Complicazioni della chemioterapia -- Complicazioni della radioterapia -- Complicazioni del trapianto di elementi emopoietici -- Principali complicazioni neurologiche della chirurgia oncologica -- Sindromi neurologiche e psichiatriche frequenti nel paziente oncologico -- Crisi epilettiche -- Delirium, stato confusionale acuto -- Il dolore in oncologia -- Ansia, depressione e insonnia nel paziente oncologico -- Algoritmi diagnostici orientati ai sintomi principali di presentazione -- Algoritmi per l’orientamento generale della diagnosi, diagnosi differenziale e trattamento di alcuni quadri clinici comuni.
|
| 520 |
|
|
|a Anche se gli ultimi anni hanno visto uno sviluppo tumultuoso della ricerca oncologica, i tumori restano la causa di morte del 30% degli italiani. Gli avanzamenti terapeutici facilitano la guarigione e prolungano la vita, ma proprio per questo rendono più evidenti gli effetti indesiderati delle terapie e complicazioni delle neoplasie prima meno frequenti; in molti casi il danno da trattamento, piuttosto che quello dovuto alla neoplasia primitiva, diventa il principale azzardo per la qualità della vita e la sopravvivenza dei pazienti. Questo volume, insieme necessario e nuovo nel panorama della letteratura medica italiana, ne prende atto e presenta una revisione aggiornata e completa delle patologie del sistema nervoso centrale e periferico associate ai tumori e al loro trattamento. Scopo del volume è di presentare un approccio integrato tra specialisti che deve vedere il neurologo e l’oncologo in dialogo, e in grado di sviluppare una nuova capacità clinica super-specialistica la neuro-oncologia . Molti sono gli esperti che hanno contribuito alla sua preparazione mettendo in comune conoscenze su temi che variano dalle complicazioni metastatiche, a quelle della terapia chirurgica dei tumori, della radio- e chemio-terapia, alle sindromi paraneoplastiche, alla terapia del dolore, al delirium e alle alterazioni affettive associate alla malattia. Il libro si rivolge in particolare a neurologi, oncologi, palliativisti e chirurghi, ma è certamente utile ai medici di medicina generale e a tutti gli operatori che sono quotidianamente coinvolti nell’impegnativa opera di prendersi cura dei pazienti oncologici. .
|
| 650 |
|
0 |
|a Medicine.
|
| 650 |
|
0 |
|a Oncology.
|
| 650 |
|
0 |
|a Neurology.
|
| 650 |
|
0 |
|a Neurosurgery.
|
| 650 |
1 |
4 |
|a Medicine & Public Health.
|
| 650 |
2 |
4 |
|a Oncology.
|
| 650 |
2 |
4 |
|a Neurology.
|
| 650 |
2 |
4 |
|a Neurosurgery.
|
| 700 |
1 |
|
|a Sghirlanzoni, Angelo.
|e author.
|
| 700 |
1 |
|
|a Simonetti, Fabio.
|e author.
|
| 710 |
2 |
|
|a SpringerLink (Online service)
|
| 773 |
0 |
|
|t Springer eBooks
|
| 776 |
0 |
8 |
|i Printed edition:
|z 9788847004399
|
| 856 |
4 |
0 |
|u http://dx.doi.org/10.1007/978-88-470-0440-5
|z Full Text via HEAL-Link
|
| 912 |
|
|
|a ZDB-2-SME
|
| 950 |
|
|
|a Medicine (Springer-11650)
|